| 000 | 004750000a22001810004500 | ||
|---|---|---|---|
| 003 | MACL | ||
| 005 | 20150812155224.0 | ||
| 008 | 150812b xxu||||| |||| 00| 0 eng d | ||
| 040 |
_aMACL _cMACL |
||
| 041 | _aEnglish | ||
| 082 | _a370/RAG | ||
| 100 |
_aSingh, Karan _9615 |
||
| 245 |
_aHigher Education In The Eighties _bOpportunities And Objectives |
||
| 260 |
_bLancer International _c1985 _aNew Delhi |
||
| 350 | _a140 | ||
| 650 |
_aEducation _95062 |
||
| 942 |
_cBK _k370 _2ddc |
||
| 999 |
_c6130 _d6130 |
||